| 000 | 00610nam a22001817a 4500 | ||
|---|---|---|---|
| 999 |
_c164833 _d164833 |
||
| 005 | 20190528162414.0 | ||
| 010 | _aENG-125339 | ||
| 020 |
_a9788181523211 _c700.00 |
||
| 035 | _aEN-108871 | ||
| 037 | _bDBAD/PUB | ||
| 082 | _a350 | ||
| 100 | _aChauhan, Rajesh | ||
| 245 |
_aNew thinkers of public administration: _cby Rajesh Chauhan _bconcepts and views/ |
||
| 260 |
_aJaipur _bBook Enclave _c2013 |
||
| 270 |
_aF-11,S.S. Tower, Dhamani Street Chaura Rasta, _bJaipur _e302003 _mbookenclavre@yahoo.com _k141-2311900, 9414443132 |
||
| 300 | v |
_avii192p. _c22cm(Hb) |
|
| 942 |
_2ddc _cEN _mCHA _h350 |
||